[Event "Essent open"]
[Site "Hoogeveen"]
[Date "2005.??.??"]
[Round "1"]
[White "Weisbuch, Udi"]
[Black "Atalik, Suat"]
[Result "1/2-1/2"]
[WhiteElo "2299"]
[BlackElo "2620"]
[PlyCount "74"]
[EventDate "2005.10.21"]

1. e4 e6 2. d4 d5 3. Nd2 c5 4. Ngf3 cxd4 5. exd5 Qxd5 6. Bc4 Qd6 7. O-O Nf6 8.
Nb3 Nc6 9. Nbxd4 Nxd4 10. Qxd4 Qxd4 11. Nxd4 Bd7 12. Rd1 Bc5 13. c3 Ke7 14. h3
Rhd8 15. Be3 Rac8 16. Bb3 b6 17. Re1 Bc6 18. Nxc6+ Rxc6 19. Bg5 h6 20. Bxf6+
gxf6 21. Rad1 Rcd6 22. Rxd6 Bxd6 23. Rd1 f5 24. Kf1 Rg8 25. Rd4 f4 26. Re4 Rg5
27. Re2 e5 28. Bd5 f5 29. f3 Rg6 30. Bb3 Kf6 31. Rd2 Kg5 32. Bc2 Rf6 33. Rd5 h5
34. a3 Re6 35. Bb3 Rf6 36. Bc2 Re6 37. Bb3 Rf6 1/2-1/2

[Event "Essent open"]
[Site "Hoogeveen"]
[Date "2005.10.21"]
[Round "1"]
[White "Baklan, Vladimir"]
[Black "Rubingh, Otto"]
[Result "1-0"]
[WhiteElo "2590"]
[BlackElo "2296"]
[PlyCount "107"]
[EventDate "2005.10.21"]

1. e4 e6 2. d4 d5 3. Nd2 Nf6 4. Bd3 c5 5. e5 Nfd7 6. c3 Nc6 7. Ne2 cxd4 8. cxd4
f6 9. exf6 Nxf6 10. O-O Bd6 11. Nf3 Qc7 12. Bg5 O-O 13. Bh4 Nh5 14. Qc2 h6 15.
Bh7+ Kh8 16. Bg6 Nf4 17. Nxf4 Bxf4 18. Rad1 Bd7 19. Rfe1 Rac8 20. Qe2 Be8 21.
Qxe6 Bxg6 22. Qxg6 Qd7 23. a3 Qf5 24. Qxf5 Rxf5 25. Bg3 Bxg3 26. hxg3 h5 27.
Re6 Kh7 28. b4 a6 29. Rd6 Rd8 30. Rxd8 Nxd8 {Diagram #} 31. Ne1 Ne6 32. Nc2 Rf7
33. Re1 Nc7 34. Re5 g6 35. a4 Kg7 36. Ne3 Rd7 37. Kf1 Kf7 38. Ke2 Rd6 39. Kd3
Rb6 40. Nc2 Rc6 41. Ne3 Rb6 42. Kc3 Rc6+ 43. Kb2 Rb6 44. Kb3 a5 45. b5 Re6 46.
Kc3 Rd6 47. Kd3 Re6 48. Rg5 Rd6 49. f4 Kf6 50. g4 hxg4 51. Nxg4+ Ke7 52. Ne5
Ne6 53. Rg4 Nf8 54. f5 1-0

[Event "Essent open"]
[Site "Hoogeveen"]
[Date "2005.??.??"]
[Round "1"]
[White "Archangelsky, Mikhail"]
[Black "Rozentalis, Eduardas"]
[Result "0-1"]
[WhiteElo "2293"]
[BlackElo "2585"]
[PlyCount "76"]
[EventDate "2005.10.21"]

1. e4 e6 2. d4 d5 3. Nc3 Bb4 4. exd5 exd5 5. Bd3 Nc6 6. a3 Bxc3+ 7. bxc3 Nge7
8. Qh5 Be6 9. Nf3 Qd7 10. Ne5 Nxe5 11. Qxe5 O-O 12. O-O Bf5 13. Rb1 Bxd3 14.
cxd3 c6 15. a4 Ng6 16. Qg3 Rfe8 17. h4 Re6 18. h5 Ne7 19. Qg4 Kh8 20. Bf4 Ng8
21. a5 Rae8 22. Rb2 R8e7 23. Bg5 f6 24. Be3 Qc7 25. Ra1 Nh6 26. Qf3 Nf7 27. g3
{Diagram #} Rxe3 28. fxe3 Ng5 29. Qg4 Rxe3 30. Kg2 h6 31. Qf4 Qe7 32. Rf1 Rxd3
33. Qf5 Qe4+ 34. Qxe4 dxe4 35. Rxb7 e3 36. Re7 Rxc3 37. Re1 Rc2+ 38. Kh1 Nf3
0-1

[Event "Essent open"]
[Site "Hoogeveen"]
[Date "2005.10.21"]
[Round "1"]
[White "De Jong, Migchiel"]
[Black "Kolev, Atanas"]
[Result "1-0"]
[WhiteElo "2277"]
[BlackElo "2559"]
[PlyCount "103"]
[EventDate "2005.10.21"]

1. e4 c5 2. Nf3 Nc6 3. d4 cxd4 4. Nxd4 Nf6 5. Nc3 e5 6. Ndb5 d6 7. a4 a6 8. Na3
Bg4 9. f3 Be6 10. Bc4 Rc8 11. Bg5 Nb4 12. Qe2 Be7 13. Bxf6 Bxf6 14. O-O O-O 15.
Rad1 Qc7 16. Bb3 Rfd8 17. Kh1 Qc5 18. Nd5 Nxd5 19. Bxd5 Bxd5 20. Rxd5 Qb4 21.
c3 Qxa4 22. Rfd1 Be7 23. Nc2 g6 24. R5d3 Qb5 25. Nb4 Qd7 26. Qd2 Qe6 27. Nd5
Bf8 28. Qc2 Rc6 29. b4 b5 30. Qf2 Ra8 31. Qh4 h6 32. g4 Kg7 33. g5 h5 34. f4
exf4 35. Qxf4 a5 36. bxa5 Rxa5 37. Rf1 Rc4 38. Rdf3 Ra7 39. Qe3 Rb7 40. Nf6 Be7
41. Ne8+ Kf8 42. Nf6 Bd8 43. Qd2 Kg7 {Diagram #} 44. Qxd6 Qe7 45. Qd5 Rbc7 46.
Qxb5 R7c5 47. Qe8 Qxe8 48. Nxe8+ Kf8 49. Nd6 f6 50. Nxc4 Rxc4 51. Rd1 Ba5 52.
Rxf6+ 1-0

[Event "Essent open"]
[Site "Hoogeveen"]
[Date "2005.10.21"]
[Round "1"]
[White "Rogers, Ian"]
[Black "Clemens, Adrian"]
[Result "1/2-1/2"]
[WhiteElo "2556"]
[BlackElo "2272"]
[PlyCount "124"]
[EventDate "2005.10.21"]

1. d4 d5 2. Nf3 Nf6 3. Bg5 Ne4 4. Bh4 c5 5. dxc5 Nc6 6. e3 g6 7. Be2 Bg7 8. c3
O-O 9. O-O Nxc5 10. Nbd2 Nd7 11. Qb3 Qb6 12. Rfd1 Qxb3 13. axb3 Nb6 14. b4 a6
15. Nd4 Nxd4 16. exd4 Bd7 17. Ra2 Rfe8 18. Bg3 Rac8 19. Rda1 Bc6 20. h3 e6 21.
Ra5 Bh6 22. Nb3 Nc4 23. R5a2 Bg5 24. h4 Bd8 25. h5 Bg5 26. Nc5 Kg7 27. b3 Nb6
28. c4 dxc4 29. bxc4 Bf6 30. Rd1 Red8 31. b5 axb5 32. cxb5 Bd5 33. Ra7 Ra8 34.
Rxa8 Rxa8 35. Bc7 Nc4 36. Nd7 Be7 37. Rc1 Nd6 38. Nb6 Ra2 39. Nxd5 exd5 40. Re1
Ne4 41. Bf3 Rc2 42. b6 f5 43. Ra1 Bf6 44. Ra7 Bxd4 45. Rxb7 Kh6 46. hxg6 hxg6
47. Bf4+ g5 48. Be3 Bxe3 49. fxe3 Rb2 50. Rb8 Kg7 51. Bxe4 dxe4 52. g3 f4 53.
gxf4 gxf4 54. exf4 e3 55. b7 Rb1+ 56. Kg2 e2 57. Re8 Rxb7 58. Rxe2 Rb3 59. Kf2
Kf6 60. Re3 Rxe3 61. Kxe3 Kf5 62. Kf3 Kf6 1/2-1/2

[Event "Essent open"]
[Site "Hoogeveen"]
[Date "2005.10.21"]
[Round "1"]
[White "Weeks, Manuel"]
[Black "Nijboer, Friso"]
[Result "1/2-1/2"]
[WhiteElo "2268"]
[BlackElo "2545"]
[PlyCount "55"]
[EventDate "2005.10.21"]

1. d4 f5 2. Nf3 Nf6 3. g3 g6 4. Bg2 Bg7 5. c4 O-O 6. b4 c6 7. Bb2 Ne4 8. Qb3 a5
9. a3 d5 10. O-O Be6 11. c5 Nd7 12. Nbd2 Bf7 13. Rfd1 Qc7 14. Qc2 h6 15. Nb3 a4
16. Nc1 e5 17. dxe5 Nxe5 18. Nxe5 Bxe5 19. Nd3 Bxb2 20. Qxb2 Qe7 21. Qd4 Rae8
22. e3 g5 23. Bf3 Bg6 24. Rac1 Qf7 25. Ne5 Qg7 26. Nd3 Qf7 27. Ne5 Qg7 28. Nd3
1/2-1/2

[Event "Essent open"]
[Site "Hoogeveen"]
[Date "2005.10.21"]
[Round "1"]
[White "Kharitonov, Alexandr"]
[Black "Bitalzadeh, Ali"]
[Result "1-0"]
[WhiteElo "2545"]
[BlackElo "2267"]
[PlyCount "197"]
[EventDate "2005.10.21"]

1. d4 Nf6 2. c4 g6 3. g3 Bg7 4. Bg2 O-O 5. Nc3 d6 6. Nf3 Nc6 7. O-O a6 8. Qd3
Nd7 9. Be3 e5 10. Qd2 exd4 11. Nxd4 Nde5 12. Nxc6 Nxc6 13. Rad1 Be6 14. b3 Rb8
15. Nd5 Bxd5 16. cxd5 Ne5 17. h3 b6 18. Rc1 a5 19. Rc2 Nd7 20. a3 a4 21. b4 b5
22. Rfc1 Ne5 23. Rxc7 Nc4 24. R7xc4 bxc4 25. Rxc4 Qe7 26. Qc2 Rfe8 27. Bf3 h5
28. Kg2 Qf6 29. Bd4 Qg5 30. h4 Qh6 31. Ba7 Ra8 32. Rc7 g5 33. hxg5 Qxg5 34. b5
h4 35. Qxa4 hxg3 36. fxg3 Qe3 37. Qf4 Qxf4 38. gxf4 Bf6 39. a4 Kg7 40. Rd7 Bc3
41. Bh5 Kh6 42. Bxf7 Rxe2+ 43. Kf3 Ra2 44. b6 Rxa4 45. b7 R4xa7 46. bxa8=Q Rxa8
47. Rxd6+ Kg7 48. Be6 Ra4 49. Rd7+ Kg6 50. Rf7 Bb4 51. f5+ Kg5 52. Rg7+ Kf6 53.
Rg6+ Ke5 54. f6 Bf8 55. f7 Kd6 56. Rg1 Ke7 57. Rb1 Kf6 58. Rb8 Kg7 59. Rd8 Rd4
60. Ke2 Ra4 61. Kd3 Rb4 62. Kc3 Rb6 63. Kd4 Rb4+ 64. Ke5 Rb5 65. Ra8 Rb1 66.
Ra6 Re1+ 67. Kd4 Kf6 68. Kc4 Rb1 69. Ra8 Kg7 70. Ra2 Rb6 71. Rg2+ Kf6 72. Rf2+
Kg7 73. Kd4 Ra6 74. Ke5 Bd6+ 75. Kf5 Ra3 76. Rc2 Re3 77. Rc6 Re5+ 78. Kg4 Bf8
79. Kf4 Re1 80. Kf5 Rf1+ 81. Ke5 Re1+ 82. Kd4 Kf6 83. Rc8 Kg7 84. Rc2 Kf6 85.
Rf2+ Kg7 86. Rb2 Rc1 87. Rg2+ Kf6 88. Rg8 Ke7 89. Rg6 Kd6 90. Bg4+ Ke7 91. Bh5
Rh1 92. Re6+ Kd7 93. Bg6 Rd1+ 94. Bd3 Bg7+ 95. Ke3 Re1+ 96. Be2 Ra1 97. Re8 Kd6
98. Bf3 Bh6+ 99. Kf2 1-0

[Event "Essent open"]
[Site "Hoogeveen"]
[Date "2005.10.21"]
[Round "1"]
[White "Vogel, Jaap"]
[Black "L'Ami, Erwin"]
[Result "0-1"]
[WhiteElo "2261"]
[BlackElo "2541"]
[PlyCount "130"]
[EventDate "2005.10.21"]

1. Nf3 Nf6 2. g3 c5 3. Bg2 Nc6 4. O-O g6 5. c3 Bg7 6. d4 cxd4 7. cxd4 d5 8. Ne5
O-O 9. Nc3 e6 10. f4 Nd7 11. Be3 Nb6 12. Bf2 Bd7 13. Rc1 Rc8 14. b3 Ne7 15. g4
Rc7 16. Qd2 Nbc8 17. e4 dxe4 18. Nxe4 Bc6 19. Nxc6 Nxc6 20. f5 exf5 21. gxf5
gxf5 22. Ng3 Nxd4 23. Bxd4 Qxd4+ 24. Qxd4 Bxd4+ 25. Kh1 Rxc1 26. Rxc1 Nd6 27.
Rf1 b6 28. Nxf5 Nxf5 29. Rxf5 Re8 30. Bd5 Re7 31. Rf4 Be5 32. Rf5 Bc7 33. h4 h6
34. Kg2 Kg7 35. Kf3 Be5 36. Be4 Bf6 37. h5 Bg5 38. Rd5 Kf6 39. Rd6+ Ke5 40.
Rd5+ Ke6 41. Kg4 Rc7 42. Rd1 Rc5 43. Re1 Bd2 44. Bf5+ Kf6 45. Rf1 Ke7 46. Rf3
Rc1 47. Rd3 Rg1+ 48. Rg3 Ra1 49. a4 Kf6 50. Rg2 Be3 51. Bh7 Rf1 52. Rg3 Rf4+
53. Kh3 Bc5 54. Rg4 Rf1 55. Be4 Ke5 56. Bg2 Rb1 57. Rg3 f5 58. Rd3 a5 59. Kg3
Bd4 60. Bf3 f4+ 61. Kg2 Rg1+ 62. Kh2 Rg3 63. Kh1 Be3 64. Bg2 f3 65. Rxe3+ Kf4
0-1

[Event "Essent open"]
[Site "Hoogeveen"]
[Date "2005.10.21"]
[Round "1"]
[White "Goloshchapov, Alexander"]
[Black "Doggers, Peter"]
[Result "1-0"]
[WhiteElo "2523"]
[BlackElo "2239"]
[PlyCount "59"]
[EventDate "2005.10.21"]

1. e4 e5 2. Nf3 Nf6 3. Nxe5 d6 4. Nf3 Nxe4 5. d4 d5 6. Bd3 Be7 7. O-O Nc6 8.
Re1 Bg4 9. c3 f5 10. Qb3 O-O 11. Nbd2 Na5 12. Qa4 Nc6 13. Qb3 Na5 14. Qc2 Nc6
15. b4 a6 16. Rb1 Bf6 17. b5 axb5 18. Rxb5 Ra7 19. Rxd5 Nd6 20. Qb3 Kh8 21. Ne5
Bh5 22. Ndc4 Ne7 23. Ra5 Rxa5 24. Nxa5 c5 25. Nxb7 Nxb7 26. Qxb7 cxd4 27. Nd7
Re8 28. Nxf6 gxf6 29. Bb5 Qb8 30. Qa6 1-0

[Event "Essent open"]
[Site "Hoogeveen"]
[Date "2005.10.21"]
[Round "1"]
[White "Meijer, Dolf"]
[Black "Wells, Peter Kenneth"]
[Result "0-1"]
[WhiteElo "2226"]
[BlackElo "2513"]
[PlyCount "64"]
[EventDate "2005.10.21"]

1. d4 Nf6 2. Nc3 d5 3. Bg5 Nbd7 4. f3 h6 5. Bf4 e6 6. e4 dxe4 7. Nxe4 Be7 8.
Bd3 O-O 9. c3 c5 10. dxc5 Nxc5 11. Nxc5 Bxc5 12. Qc2 Nd5 13. Bd2 b5 14. O-O-O
Qb6 15. Ne2 Bb7 16. Kb1 Rfc8 17. h4 a5 18. Nf4 Ne3 19. Bxe3 Bxe3 20. Nh5 b4 21.
c4 a4 22. Qe2 Ra5 23. g4 Kf8 24. Rh3 Bd4 25. Nf4 a3 26. b3 Be5 27. Ng2 Qd4 28.
Kc1 Rd8 29. Bb1 Qc3+ 30. Qc2 Rxd1+ 31. Kxd1 Bxf3+ 32. Kc1 Bf4+ 0-1

[Event "Essent open"]
[Site "Hoogeveen"]
[Date "2005.10.21"]
[Round "1"]
[White "Cebalo, Miso"]
[Black "Vedder, Richard"]
[Result "1-0"]
[WhiteElo "2512"]
[BlackElo "2224"]
[PlyCount "57"]
[EventDate "2005.10.21"]

1. d4 d5 2. c4 dxc4 3. Nf3 Nf6 4. e3 e6 5. Bxc4 a6 6. O-O c5 7. Bb3 cxd4 8.
exd4 Nc6 9. Nc3 Be7 10. Bg5 Nb4 11. Re1 O-O 12. Ne5 Nfd5 13. Bxe7 Nxe7 14. Qf3
Qxd4 15. Rad1 Qb6 16. Ne4 Nbd5 17. Ng5 Nf6 18. g4 h6 19. Nh3 Nc6 20. g5 hxg5
21. Nxg5 Nxe5 22. Rxe5 Qb4 23. h3 Bd7 24. Rxd7 Nxd7 {Diagram #} 25. Rxe6 Nf6 {
Diagram #} 26. Rxf6 gxf6 27. Qxf6 Qe1+ 28. Kh2 Qb1 29. Bd5 1-0

[Event "Essent open"]
[Site "Hoogeveen"]
[Date "2005.10.21"]
[Round "1"]
[White "Wempe, Joost"]
[Black "Van der Wiel, John"]
[Result "0-1"]
[WhiteElo "2221"]
[BlackElo "2503"]
[PlyCount "122"]
[EventDate "2005.10.21"]

1. d4 Nf6 2. c4 e6 3. Nf3 b6 4. e3 Bb7 5. Bd3 c5 6. Nc3 cxd4 7. exd4 Bb4 8. O-O
O-O 9. Bg5 h6 10. Bh4 Be7 11. Re1 d6 12. Qe2 Nbd7 13. Ne4 Nxe4 14. Bxe4 Bxe4
15. Qxe4 Bxh4 16. Nxh4 Rc8 17. Rac1 Rxc4 18. Nf3 Nf6 19. Qd3 Rc7 20. Qd2 Rc8
21. Rc2 Qd7 22. Rec1 Nd5 23. h3 Ne7 24. Qb4 Rxc2 25. Rxc2 Rc8 26. Rxc8+ Nxc8
27. Qc4 Ne7 28. Kf1 Kf8 29. Ke2 Nd5 30. g3 Ke7 31. a4 Qb7 32. Nd2 a6 33. h4 b5
34. axb5 axb5 35. Qc2 Nf6 36. Qd3 Kd7 37. Nb1 Qc6 38. Na3 b4 39. Nc2 Nd5 40.
Kf1 Kc7 41. Ke2 Kb6 42. Kd2 Ka5 43. Qf3 Qd7 44. Ne3 Nb6 45. b3 Qc7 46. Nd1 d5
47. Qd3 Nc8 48. Qb1 Kb6 49. Qa2 Qc6 50. Qc2 Qxc2+ 51. Kxc2 Ne7 52. Ne3 Nc6 53.
Kd3 Na5 54. Kc2 Kc7 55. Nf1 Kd6 56. f4 h5 57. Nd2 Nc6 58. Kd3 Ne7 59. Nf3 Nf5
60. Ne5 f6 61. g4 Nxh4 0-1

[Event "Essent open"]
[Site "Hoogeveen"]
[Date "2005.10.21"]
[Round "1"]
[White "Ernst, Sipke"]
[Black "Van Ruitenburg, Joost"]
[Result "1/2-1/2"]
[WhiteElo "2473"]
[BlackElo "2216"]
[PlyCount "204"]
[EventDate "2005.10.21"]

1. d4 Nf6 2. c4 e6 3. g3 d5 4. Nf3 dxc4 5. Bg2 a6 6. O-O b5 7. Ne5 Nd5 8. a4
Bb7 9. b3 c3 10. axb5 axb5 11. Rxa8 Bxa8 12. e4 b4 13. exd5 Bxd5 14. Qh5 g6 15.
Qh3 Bg7 16. Nxc3 bxc3 17. Ba3 f6 18. Nd3 Kf7 19. Nf4 Bxb3 20. d5 Qd7 21. dxe6+
Bxe6 22. Nxe6 Qxe6 23. Qxe6+ Kxe6 24. Re1+ Kd7 25. Re7+ Kc8 26. Rxg7 Rd8 27.
Kf1 Nd7 28. Be4 Ne5 29. Be7 Rd1+ 30. Kg2 Re1 31. Bc2 Re2 32. Ba4 c2 33. Ba3 Nd3
34. Bc6 Kb8 35. Rg8+ Ka7 36. Kf3 c1=Q 37. Bxc1 Nxc1 38. Rg7 Kb6 39. Bd5 Rb2 40.
Rxh7 Nd3 41. Ke3 Ne5 42. h3 Kc5 43. Bg8 Kd6 44. f4 Nd7 45. Rg7 Nf8 46. Bf7 c5
47. h4 Rb7 48. f5 Ke5 49. g4 gxf5 50. gxf5 Ra7 51. h5 Ra3+ 52. Kf2 Kxf5 53. Rg8
Ne6 54. h6 Ng5 55. Bg6+ Kf4 56. h7 Nxh7 57. Bxh7 Ra2+ 58. Ke1 Ra7 59. Bc2 Rc7
60. Re8 Kg4 61. Ke2 c4 62. Ke3 Rc5 63. Rf8 Re5+ 64. Kd4 Kg5 65. Kxc4 f5 66. Kd4
Ra5 67. Ke3 Ra3+ 68. Bd3 Ra5 69. Rc8 Ra7 70. Kd4 Ra5 71. Rc1 Kf6 72. Ke3 Kg5
73. Bc4 Re5+ 74. Kd4 Re4+ 75. Kd5 Re8 76. Rf1 Kg4 77. Kd4 Re4+ 78. Kd3 Re5 79.
Kd2 Kg5 80. Rg1+ Kf6 81. Kd3 Re8 82. Bd5 Re5 83. Bf3 Re8 84. Bh5 Rh8 85. Rg6+
Ke5 86. Bf3 Kf4 87. Bd5 Ke5 88. Bg2 Rb8 89. Ke3 Rb3+ 90. Kf2 Kf4 91. Ra6 Rb2+
92. Kg1 Rc2 93. Ra5 Rc3 94. Kh2 Kg4 95. Bf1 Rc2+ 96. Kg1 Rd2 97. Bc4 Rd6 98.
Kf2 Kf4 99. Ra4 Rd4 100. Ke2 Re4+ 101. Kd2 Kg5 102. Kd3 Re5 1/2-1/2

[Event "Essent open"]
[Site "Hoogeveen"]
[Date "2005.10.21"]
[Round "1"]
[White "Dougherty, Michael J"]
[Black "Henrichs, Thomas"]
[Result "0-1"]
[WhiteElo "2212"]
[BlackElo "2457"]
[PlyCount "90"]
[EventDate "2005.10.21"]

1. Nf3 d5 2. d4 Nf6 3. c4 c6 4. Qc2 dxc4 5. Qxc4 Bf5 6. Nc3 e6 7. g3 Nbd7 8.
Bg2 Be7 9. O-O O-O 10. Qb3 Qb6 11. Qxb6 axb6 12. Nd2 b5 13. e4 Bg6 14. e5 Ne8
15. Nde4 h6 16. Bd2 Nc7 17. Rfc1 Rfd8 18. Be3 Nb6 19. Ne2 Ncd5 20. b3 Ra7 21.
Nf4 Nxf4 22. gxf4 Nd5 23. a4 Rda8 24. Nc3 Nxc3 25. Rxc3 Ra5 26. Bf3 bxa4 27.
Rxa4 Rxa4 28. bxa4 Rxa4 29. Kg2 Rb4 30. Rc1 Rb1 31. Rxb1 Bxb1 32. Kf1 Bd3+ 33.
Ke1 f5 34. Kd2 Bf1 35. Bh5 Bb4+ 36. Kc2 Bc4 37. Bd2 Be7 38. Be3 Bd5 39. Kc3 Kf8
40. Be2 Ke8 41. Bc4 Bxc4 42. Kxc4 Kf7 43. Kd3 Kg6 44. Ke2 Kh5 45. Kf3 g5 0-1

[Event "Essent open"]
[Site "Hoogeveen"]
[Date "2005.10.21"]
[Round "1"]
[White "Jonkman, Harmen"]
[Black "Van der Plas, Rob"]
[Result "1-0"]
[WhiteElo "2446"]
[BlackElo "2211"]
[PlyCount "105"]
[EventDate "2005.10.21"]

1. e4 e6 2. d4 d5 3. e5 c5 4. c3 Bd7 5. Nf3 Nc6 6. Be2 Nge7 7. O-O Ng6 8. Be3
Be7 9. Bd3 cxd4 10. cxd4 Rc8 11. Nc3 Na5 12. Nd2 Nc4 13. Nxc4 dxc4 14. Bc2 b5
15. Qh5 Bc6 16. f4 Nh4 17. d5 g6 18. Qe2 Bxd5 19. Rad1 Bc5 20. Bxc5 Rxc5 21.
Ne4 Rc6 22. Nf6+ Kf8 23. Qf2 Nf5 24. Bxf5 gxf5 25. Qxa7 h5 26. Rf2 Qe7 27. Qb8+
Kg7 28. Qxb5 Qc5 29. Qxc5 Rxc5 30. Rfd2 Ra8 31. a3 c3 32. bxc3 Rxa3 33. Nxh5+
Kg6 34. Nf6 Rcxc3 35. Nxd5 exd5 36. Rxd5 Rc2 37. R5d2 Raa2 38. Rxc2 Rxc2 39. h3
Rc4 40. Rf1 Rc2 41. Rf3 f6 42. exf6 Kxf6 43. g4 Ra2 44. Rf2 Ra3 45. Kg2 Rb3 46.
Rf3 Rb4 47. Kg3 Rb1 48. Ra3 Rb5 49. Ra6+ Kg7 50. Re6 Kf7 51. Re5 Rxe5 52. fxe5
Ke6 53. Kf4 1-0

[Event "Essent open"]
[Site "Hoogeveen"]
[Date "2005.10.21"]
[Round "1"]
[White "Van Veen, Oscar"]
[Black "Naumkin, Igor"]
[Result "1-0"]
[WhiteElo "2207"]
[BlackElo "2445"]
[PlyCount "59"]
[EventDate "2005.10.21"]

1. e4 e5 2. Nf3 Nc6 3. Bb5 a6 4. Ba4 Nf6 5. O-O Nxe4 6. d4 b5 7. Bb3 d5 8. dxe5
Be6 9. c3 Nc5 10. Nd4 Nxe5 11. f4 Nc4 12. f5 Bd7 13. Qg4 Ne4 14. Nd2 Ne3 15.
Qe2 Nxf1 16. Nxe4 dxe4 17. Qxe4+ Be7 18. f6 gxf6 19. Nc6 f5 20. Bxf7+ Kxf7 21.
Nxd8+ Rhxd8 22. Qf3 Nxh2 23. Kxh2 Be6 24. Bf4 Bf6 25. Re1 Re8 26. Re3 Rad8 27.
Qh5+ Kg8 28. Qh6 Bg7 29. Rg3 Rd7 30. Be5 1-0

[Event "Essent open"]
[Site "Hoogeveen"]
[Date "2005.10.21"]
[Round "1"]
[White "Wiersma, Eelke"]
[Black "Giddins, Stephen"]
[Result "0-1"]
[WhiteElo "2431"]
[BlackElo "2200"]
[PlyCount "60"]
[EventDate "2005.10.21"]

1. e4 e6 2. d4 d5 3. e5 c5 4. c3 Qb6 5. a3 Nc6 6. Nf3 Nh6 7. b4 cxd4 8. cxd4
Nf5 9. Bb2 Bd7 10. g4 Nfe7 11. Nc3 h5 12. Na4 Qd8 13. Nc5 Rb8 14. g5 Nf5 15.
Bd3 h4 16. Bxf5 exf5 17. g6 Be6 18. Rg1 Bxc5 19. dxc5 d4 20. gxf7+ Bxf7 21. Qd3
Qd5 22. Nxd4 Bh5 23. Kf1 Rd8 24. Qb5 a6 25. Qxb7 Qc4+ 26. Kg2 h3+ 27. Kg3 Nxd4
28. Bxd4 Qxd4 29. Qxg7 Qd3+ 30. Kh4 Qc4+ 0-1

[Event "Essent open"]
[Site "Hoogeveen"]
[Date "2005.10.21"]
[Round "1"]
[White "Ahlers, Ben"]
[Black "Vul, Arkadi Eremeevich"]
[Result "1/2-1/2"]
[WhiteElo "2198"]
[BlackElo "2423"]
[PlyCount "67"]
[EventDate "2005.10.21"]

1. d4 d5 2. c4 e6 3. cxd5 exd5 4. Nc3 c6 5. Nf3 Bd6 6. Bg5 Ne7 7. e3 Bf5 8. Bd3
f6 9. Bh4 O-O 10. Bg3 Qd7 11. a3 Bxd3 12. Qxd3 Bxg3 13. hxg3 Qf5 14. Qe2 Nd7
15. O-O a5 16. Rfe1 Qe6 17. e4 dxe4 18. Nxe4 Nd5 19. Qd3 f5 20. Neg5 Qg6 21.
Ne6 Rfe8 22. Nh4 Qf6 23. Qxf5 g6 24. Qxf6 N7xf6 25. Nf3 Re7 26. Re2 Rae8 27.
Rae1 Nc7 28. Nxc7 Rxe2 29. Nxe8 Rxe1+ 30. Nxe1 Nxe8 31. Nd3 Kf7 32. Kf1 Nd6 33.
Ke2 Ke6 34. Nf4+ 1/2-1/2

[Event "Essent open"]
[Site "Hoogeveen"]
[Date "2005.10.21"]
[Round "1"]
[White "Souleidis, Georgios"]
[Black "Van der Veen, Jan"]
[Result "1-0"]
[WhiteElo "2196"]
[BlackElo "2196"]
[PlyCount "75"]
[EventDate "2005.10.21"]

1. e4 e5 2. Nf3 Nc6 3. Bc4 Nf6 4. d3 Be7 5. O-O O-O 6. Re1 d6 7. c3 Na5 8. Bb5
c5 9. d4 Qc7 10. h3 h6 11. Bf1 a6 12. d5 b5 13. b3 Bd7 14. Nbd2 Kh7 15. c4 g6
16. Bd3 Nh5 17. Nf1 Bf6 18. Bd2 Bg7 19. Rc1 Rae8 20. g4 Nf6 21. Ng3 Ra8 22. Qe2
Rfb8 23. Kg2 bxc4 24. bxc4 Rb7 25. Bc3 Rbb8 26. Qd2 Nb7 27. Nh2 Qc8 28. f4 Ne8
29. Nf3 f6 30. f5 g5 31. h4 a5 32. Rh1 Kg8 33. Nh5 a4 34. Rcf1 Nd8 35. hxg5
fxg5 36. Nxg7 Nxg7 37. Rxh6 Nf7 38. Rg6 1-0

[Event "Essent open"]
[Site "Hoogeveen"]
[Date "2005.10.21"]
[Round "1"]
[White "Cako, Laszlo"]
[Black "Hoeksema, Erik"]
[Result "0-1"]
[WhiteElo "2193"]
[BlackElo "2401"]
[PlyCount "42"]
[EventDate "2005.10.21"]

1. e4 c5 2. Nf3 d6 3. d4 cxd4 4. Nxd4 Nf6 5. Nc3 a6 6. Bc4 e6 7. Bb3 Nc6 8. Be3
Na5 9. Qe2 b5 10. O-O-O b4 11. Na4 Nxb3+ 12. Nxb3 Nd7 13. f4 Qc7 14. Rd4 a5 15.
Rc4 Qb8 16. Rc6 Bb7 17. Rb6 Qc7 18. Qb5 Bxe4 19. c3 Be7 20. Ra6 O-O 21. Qxa5
Qb7 0-1

[Event "Essent open"]
[Site "Hoogeveen"]
[Date "2005.10.21"]
[Round "1"]
[White "Brandenburg, Daan"]
[Black "Drost, Peter"]
[Result "1-0"]
[WhiteElo "2395"]
[BlackElo "2190"]
[PlyCount "57"]
[EventDate "2005.10.21"]

1. e4 c5 2. Nf3 Nc6 3. d4 cxd4 4. Nxd4 Nf6 5. Nc3 d6 6. Bg5 e6 7. Qd2 a6 8.
O-O-O h6 9. Nxc6 bxc6 10. Bf4 d5 11. Qe3 Qa5 12. Be2 Bb4 13. Be5 Bxc3 14. Bxc3
Qxa2 15. f3 Rb8 16. Qc5 Qa1+ 17. Kd2 Qa4 18. b3 Nxe4+ 19. fxe4 Qxe4 20. Qd6 d4
21. Bxd4 Qd5 22. Qxb8 Qxd4+ 23. Bd3 O-O 24. Rhe1 f6 25. Re4 Qf2+ 26. Re2 Qc5
27. Kc1 e5 28. Bc4+ Kh8 29. Qd6 1-0

[Event "Essent open"]
[Site "Hoogeveen"]
[Date "2005.10.21"]
[Round "1"]
[White "Van Opheusden, Bas"]
[Black "Sareen, Vishal"]
[Result "1/2-1/2"]
[WhiteElo "2190"]
[BlackElo "2375"]
[PlyCount "71"]
[EventDate "2005.10.21"]

1. e4 c5 2. d4 cxd4 3. c3 Nf6 4. e5 Nd5 5. Nf3 e6 6. cxd4 b6 7. Nc3 Nxc3 8.
bxc3 Qc7 9. Bd2 Bb7 10. Bd3 d6 11. O-O Nd7 12. Re1 dxe5 13. Nxe5 Nxe5 14. Bf4
Nf3+ 15. Qxf3 Bxf3 16. Bxc7 Bc6 17. Ba6 Kd7 18. Bg3 Bd6 19. Re3 b5 20. Rd1 Rab8
21. c4 bxc4 22. Bxc4 Ba4 23. Bb3 Bxb3 24. axb3 Rhc8 25. Kf1 Rb5 26. Ra1 Rc7 27.
Ra6 Rb6 28. Ra5 Rcb7 29. d5 e5 30. Bxe5 Bxe5 31. Rxe5 Rxb3 32. Re3 R3b5 33. Ra6
Rxd5 34. Rea3 Rd6 35. Rxa7 Rxa7 36. Rxa7+ 1/2-1/2

[Event "Essent open"]
[Site "Hoogeveen"]
[Date "2005.10.21"]
[Round "1"]
[White "Dogge, Marc"]
[Black "Jens, Jelmer"]
[Result "0-1"]
[WhiteElo "2168"]
[BlackElo "2366"]
[PlyCount "74"]
[EventDate "2005.10.21"]

{**Extended header information:|||S2/time ||**} 1. e4 c5 2. Nf3 d6 3. d4 cxd4
4. Nxd4 Nf6 5. Nc3 Nc6 6. Be2 e5 7. Nb3 Be7 8. O-O O-O 9. Kh1 a5 10. a4 Be6 11.
f4 Nb4 12. f5 Bd7 13. Bg5 Bc6 14. Bf3 Rc8 15. Rf2 Nxe4 16. Nxe4 Bxg5 17. f6
Bxf6 18. Qxd6 Kh8 19. Qxd8 Bxd8 20. c3 Nd5 21. Nd6 Rb8 22. c4 Nf6 23. Re2 Bc7
24. Ne4 Nxe4 25. Bxe4 Bxe4 26. Rxe4 Rfd8 27. Nc5 Rd2 28. b3 f5 29. Ree1 e4 30.
Rad1 Rbd8 31. Rc1 b6 32. Ne6 R8d7 33. c5 bxc5 34. Nxc5 Re7 35. Na6 Bb6 36. Rc8+
Rd8 37. Rxd8+ Bxd8 0-1

[Event "Essent open"]
[Site "Hoogeveen"]
[Date "2005.10.21"]
[Round "1"]
[White "Willemze, Thomas"]
[Black "Hendriks, Richard"]
[Result "1-0"]
[WhiteElo "2363"]
[BlackElo "2157"]
[PlyCount "66"]
[EventDate "2005.10.21"]

1. e4 e5 2. Nf3 Nc6 3. Nc3 g6 4. d4 exd4 5. Nxd4 Bg7 6. Be3 Nf6 7. Nxc6 bxc6 8.
Bc4 O-O 9. e5 Ne8 10. Bf4 d5 11. Bb3 Kh8 12. Ba4 Bb7 13. Qd4 f6 14. Qb4 Rb8 15.
e6 Nd6 16. O-O-O Re8 17. Rhe1 f5 18. e7 Qd7 19. Rxd5 Ba8 20. Qc5 Rxe7 21. Rxe7
Qxe7 22. Qxa7 Qf8 23. Rd3 Ne4 24. Qxc7 Rc8 25. Qa7 Nxc3 26. bxc3 Re8 27. Bb3 c5
28. Ba4 Rd8 29. Rxd8 Qxd8 30. Qxc5 Bxg2 31. Be5 Be4 32. Bxg7+ Kxg7 33. Qd4+ Kh6
1-0

[Event "Essent open"]
[Site "Hoogeveen"]
[Date "2005.10.21"]
[Round "1"]
[White "Galje, Hans"]
[Black "Michielsen, Joost"]
[Result "0-1"]
[WhiteElo "2135"]
[BlackElo "2362"]
[PlyCount "60"]
[EventDate "2005.10.21"]

1. d4 Nf6 2. c4 c6 3. Nc3 d5 4. cxd5 cxd5 5. Bf4 Nc6 6. e3 a6 7. Bd3 Bg4 8.
Nge2 e6 9. O-O Bd6 10. f3 Bh5 11. Bxd6 Qxd6 12. Rc1 O-O 13. Nf4 Bg6 14. Bxg6
hxg6 15. Qd2 Rad8 16. Na4 e5 17. Ne2 Rfe8 18. Nc5 Re7 19. a3 Rde8 20. Ng3 exd4
21. exd4 Nh5 22. Nxh5 gxh5 23. Rf2 Qf6 24. Rd1 h4 25. b4 h3 26. gxh3 Nxd4 27.
Qxd4 Re1+ 28. Rf1 Rxf1+ 29. Kxf1 Qxf3+ 30. Kg1 Re2 0-1

[Event "Essent open"]
[Site "Hoogeveen"]
[Date "2005.10.21"]
[Round "1"]
[White "Spoelman, Wouter"]
[Black "Rooda, Kai"]
[Result "1-0"]
[WhiteElo "2362"]
[BlackElo "2132"]
[PlyCount "67"]
[EventDate "2005.10.21"]

1. e4 Nc6 2. Nf3 d6 3. d4 Nf6 4. Nc3 Bg4 5. d5 Bxf3 6. Qxf3 Ne5 7. Qe2 Qd7 8.
f4 Ng6 9. g3 c6 10. Be3 e5 11. dxe6 fxe6 12. O-O-O Qf7 13. Bh3 Be7 14. e5 Nd5
15. Nxd5 exd5 16. e6 Qf8 17. Qh5 Kd8 18. c4 Bf6 19. cxd5 c5 20. Bxc5 Ke7 21.
Ba3 b5 22. Kb1 Qb8 23. b3 Qb6 24. Rhe1 Rac8 25. Bb2 Rc3 26. f5 Rhc8 27. fxg6 h6
28. Qe2 Qc5 29. Bf5 Ke8 30. e7 Be5 31. Bxc8 Qxc8 32. Qxb5+ Kxe7 33. Rxe5+ dxe5
34. Bxc3 1-0